Statistics for Monster Hunter: All the Monsters (Main Series)

Click here to take the quiz!

General Stats

  • This quiz has been taken 453 times
    (228 since last reset)
  • The average score is 96 of 217

Answer Stats

GameMonsters% Correct
1stSilver Rathalos
94%
1stGold Rathian
92%
2ndWhite Fatalis
78%
1stRathalos
77%
3rdGreat Jaggi
76%
4thBloodbath Diablos
73%
4thDreadking Rathalos
73%
2ndLavasioth
73%
3rdLucent Nargacuga
73%
4thDreadqueen Rathian
71%
3rdGreat Baggi
70%
1stKirin
70%
1stRathian
70%
2ndLunastra
68%
3rdDeviljho
67%
3rdRoyal Ludroth
67%
4thMizutsune
65%
4thMolten Tigrex
65%
5thXeno'Jiiva
65%
4thValstrax
64%
4thGlavenus
62%
4thThunderlord Zinogre
62%
2ndYama Tsukami
62%
4thGore Magala
61%
1stAzure Rathalos
60%
1stDiablos
60%
3rdDuramboros
60%
4thSeregios
60%
4thShagaru Magala
60%
2ndKushala Daora
59%
3rdCeadeus
58%
1stCephadrome
58%
1stGypceros
58%
1stIodrome
58%
1stLao-Shan Lung
58%
5thNergigante
58%
1stYian Kut-Ku
58%
5thAnjanath
57%
1stMonoblos
57%
3rdAbyssal Lagiacrus
56%
2ndBulldrome
56%
1stFatalis
56%
5thOdogaron
56%
2ndRusted Kushala Daora
56%
5thTobi-Kadachi
56%
3rdDire Miralis
55%
5thGreat Girros
55%
2ndRajang
55%
2ndChameleos
54%
5thPaolumu
54%
2ndTigrex
54%
1stBasarios
53%
1stGravios
53%
1stKhezu
53%
5thBishaten
52%
1stBlack Diablos
52%
4thCrystalbeard Uragaan
52%
3rdLagombi
52%
1stPink Rathian
52%
2ndTeostra
52%
1stBlue Yian Kut-Ku
51%
1stScarred Yian Garuga
51%
5thZorah Magdaros
51%
3rdBrute Tigrex
50%
2ndDaimyo Hermitaur
50%
4thDalamadur
50%
3rdZinogre
50%
2ndAkantor
49%
3rdAlatreon
49%
5thBeotodus
49%
2ndBlangonga
49%
3rdCrimson Qurupeco
49%
3rdVolvidon
49%
2ndYian Garuga
49%
4thAstalos
48%
2ndGiadrome
48%
3rdGigginox
48%
4thGrimclaw Tigrex
48%
5thKulu-Ya-Ku
48%
3rdLagiacrus
48%
5thLegiana
48%
3rdStygian Zinogre
48%
5thVelkhana
48%
3rdBarioth
47%
5thBlackveil Vaal Hazak
47%
5thMalzeno
47%
4thOroshi Kirin
47%
5thViper Tobi-Kadachi
47%
3rdBarroth
46%
5thIbushi
46%
5thRadobaan
46%
3rdArzuros
45%
5thBazelgeuse
45%
3rdGobul
45%
2ndPlum Daimyo Hermitaur
45%
5thPukei-Pukei
45%
5thVaal Hazak
45%
4thBoltreaver Astalos
44%
5thDodogama
44%
1stGendrome
44%
5thGreat Jagras
44%
5thJyuratodus
43%
5thMagnamalo
43%
1stPlesioth
43%
4thGogmazios
42%
2ndNargacuga
42%
1stPurple Gypceros
42%
3rdQurupeco
42%
1stRed Khezu
42%
5thRuiner Nergigante
42%
4thRustrazor Ceanataur
42%
3rdSavage Deviljho
42%
5thShara Ishvalda
42%
4thSilverwind Nargacuga
42%
4thSoulseer Mizutsune
42%
4thStonefist Hermitaur
42%
3rdUragaan
42%
5thAurora Somnacanth
41%
5thBanbaro
41%
5thCoral Pukei-Pukei
41%
5thNamielle
41%
4thRaging Brachydios
41%
5thSeething Bazelgeuse
41%
1stWhite Monoblos
41%
5thFulgur Anjanath
40%
1stGreen Plesioth
40%
3rdJhen Mohran
40%
2ndKing Shakalaka
40%
5thTzitzi-Ya-Ku
40%
5thAcidic Glavenus
39%
3rdAgnaktor
39%
4thAhtal Ka
39%
5thEbony Odogaron
39%
2ndFurious Rajang
39%
3rdGoldbeard Ceadeus
39%
5thNarwa The Allmother
39%
2ndUkanlos
39%
5thAlmudron
38%
4thChaotic Gore Magala
38%
1stCrimson Fatalis
38%
5thCrimson Glow Valstrax
38%
5thFrostfang Barioth
38%
5thKulve Taroth
38%
5thSafi'Jiiva
38%
1stVelocidrome
38%
1stAshen Lao-Shan Lung
37%
3rdBrachydios
37%
4thGammoth
37%
3rdGreat Wroggi
37%
3rdJade Barroth
37%
4thRuby Basarios
37%
4thSeltas Queen
37%
1stBlack Gravios
36%
4thGreat Maccao
36%
4thHellblade Glavenus
36%
4thMalfestio
36%
5thShrieking Legiana
36%
5thBlood Orange Bishaten
35%
4thDah'ren Mohran
35%
5thGaismagorm
35%
3rdGreen Nargacuga
35%
3rdPurple Ludroth
35%
3rdRust Duramboros
35%
2ndShogun Ceanataur
35%
4thTetsucabra
35%
2ndVespoid Queen
35%
4thDeadeye Yian Garuga
34%
4thNajarala
34%
5thNightshade Paolumu
34%
2ndCopper Blangonga
33%
4thDrilltusk Tetsucabra
33%
FrontierEspinas
33%
5thNarwa
33%
3rdBaleful Gigginox
32%
3rdIvory Lagiacrus
32%
2ndEmerald Congalala
31%
3rdAmatsu
30%
FrontierFlaming Espinas
30%
3rdGlacial Agnaktor
30%
4thKecha Wacha
30%
4thNerscylla
30%
4thSeltas
30%
3rdNibelsnarf
29%
4thNightcloak Malfestio
29%
5thPyre Rakna-Kadaki
29%
4thShah Dalamadur
29%
4thSnowbaron Lagombi
29%
5thSomnacanth
29%
2ndCongalala
28%
4thNakarkos
28%
3rdSand Barioth
28%
4thDesert Seltas Queen
27%
4thElderfrost Gammoth
27%
5thGarangolm
27%
5thGreat Izuchi
27%
3rdHallowed Jhen Mohran
27%
5thLunagaron
27%
5thPrimordial Malzeno
27%
4thRedhelm Arzuros
27%
5thScorned Magnamalo
27%
4thShrouded Nerscylla
27%
5thTetranadon
27%
2ndShen Gaoren
26%
3rdSteel Uragaan
26%
2ndTerra Shogun Ceanataur
26%
4thDesert Seltas
24%
4thBerserk Tetsucabra
23%
5thAknosom
22%
5thGoss Harag
22%
4thTidal Najarala
22%
5thViolet Mizutsune
22%
4thZamtrios
22%
5thRakna-Kadaki
21%
4thAsh Kecha Wacha
19%
5thMagma Almudron
19%
4thTigerstripe Zamtrios
19%
2ndHypnocatrice
15%

Score Distribution

Percentile by Number Answered

Percent of People with Each Score

Your Score History

You have not taken this quiz since the last reset